Adobe photoshop CC 2018 release classroom in a book: (Record no. 159705)

MARC details
000 -LEADER
fixed length control field 00721nam a22002057a 4500
005 - DATE AND TIME OF LATEST TRANSACTION
control field 20190102123012.0
010 ## - LCCN (DPL NO)
LC control number ENG-124619
020 ## - INTERNATIONAL STANDARD BOOK NUMBER
International Standard Book Number 9789352869039
Terms of availability 799.00
035 ## - SYSTEM CONTROL NUMBER
System control number EN-108151
037 ## - SOURCE OF ACQUISITION
Source of stock number/acquisition DBAD/PUB
082 ## - DEWEY DECIMAL CLASSIFICATION NUMBER
Classification number 006.6869
100 ## - MAIN ENTRY--PERSONAL NAME
Personal name Faulkner Andrew
245 ## - TITLE STATEMENT
Title Adobe photoshop CC 2018 release classroom in a book:
Statement of responsibility, etc by Andrew Faulkner [and] Conrad Chavz
Remainder of title the official training workbook from adobe/
260 ## - PUBLICATION, DISTRIBUTION, ETC. (IMPRINT)
Place of publication, distribution, etc New Delhi
Name of publisher, distributor, etc Pearson
Date of publication, distribution, etc 2018
270 ## - ADDRESS
Address 14 Local Shopping Centre, Panchsheel Park
City New Delhi
Postal code 110017
300 ## - PHYSICAL DESCRIPTION
Extent viii,391p.
Dimensions 25cm. (pbk)
Other physical details ill. pic.
500 ## - GENERAL NOTE
General note It includes appendices and index
700 ## - ADDED ENTRY--PERSONAL NAME
Personal name Chavz, Conrad
942 ## - ADDED ENTRY ELEMENTS (KOHA)
Source of classification or shelving scheme Dewey Decimal Classification
Item type English Books
Classification part 006.6869
Call number suffix FAU
Holdings
Withdrawn status Lost status Not for loan Collection code Home library Current library Date acquired Source of acquisition Cost, normal purchase price Full call number Barcode Copy number Cost, replacement price Koha item type
    Not For Loan Non-fiction D.B.Act.Division Bawana 02/01/2019 DBAD/PUB 799.00 006.6869 FAU EN-108151 1 799.00 English Books

© Delhi Public Library
Hit Counter
free hit counter